[Event "Wch U14 blitz"]
[Site "Batumi"]
[Date "2023.06.11"]
[Round "8"]
[White "Navoyan, Gagik"]
[Black "Elmirzaev, Khondamir"]
[Result "1/2-1/2"]
[WhiteElo "1854"]
[BlackElo "1851"]
[PlyCount "149"]
[EventDate "2023.06.10"]
[EventType "swiss (blitz)"]
[EventRounds "11"]
[EventCountry "GEO"]
[SourceTitle "EXT 2024"]
[Source "ChessBase"]
[SourceDate "2023.10.10"]
[SourceVersion "1"]
[SourceVersionDate "2023.10.10"]
[SourceQuality "1"]
[WhiteTeam "Armenia"]
[BlackTeam "Uzbekistan"]
[WhiteTeamCountry "ARM"]
[BlackTeamCountry "UZB"]

1. e4 c5 2. g3 d6 3. Bg2 g6 4. Ne2 Bg7 5. c3 e5 6. 0-0 Ne7 7. d3 0-0 8. f4 Nbc6 9. Nd2 d5 10. Nf3 dxe4 11. dxe4 Qc7 12. Be3 b6 13. Qc2 Bb7 14. Rad1 Rad8 15. b3 Rxd1 16. Rxd1 Rd8 17. h3 Rd7 18. Rd2 Qd8 19. Qd1 Rxd2 20. Qxd2 Qxd2 21. Bxd2 f6 22. Kf2 Kf7 23. Nc1 exf4 24. gxf4 Nd8 25. Ng1 Ne6 26. Nge2 Nc8 27. Ng3 Nd6 28. Nce2 a6 29. Bc1 b5 30. Bd2 Bc8 31. Nc1 Bb7 32. Nce2 Bf8 33. Be3 Ne8 34. Nf1 Bd6 35. Nd2 N8g7 36. Bf3 Nd8 37. Kg2 Bc7 38. Kf2 Bd6 39. Kg2 Nge6 40. Kf2 Nf8 41. Nc1 Nde6 42. Nd3 Nd7 43. Bg2 Nc7 44. e5 Bxg2 45. exd6 Nd5 46. Nxc5 Nxe3 47. Nxd7 Bxh3 48. Nxf6 Nd1+ 49. Kg3 Kxf6 50. Kxh3 Nxc3 51. Kg4 h6 52. a3 Ke6 53. Nf3 Ne4 54. Ne5 Kxd6 55. Nxg6 Ke6 56. f5+ Kf6 57. Nf4 Nf2+ 58. Kf3 Kxf5 59. Nd5 Nd3 60. Nc7 Nc5 61. b4 Nb3 62. Nxa6 Nd4+ 63. Kg3 Nc2 64. Nc7 Nxa3 65. Kh4 Kg6 66. Kg4 h5+ 67. Kh4 Kh6 68. Nd5 Kg6 69. Nc7 Kh6 70. Nd5 Nc2 71. Nc7 Nxb4 72. Nxb5 Nc6 73. Nd6 Ne5 74. Nf5+ Kg6 75. Ne7+ 1/2-1/2

[Event "Wch U14 blitz"]
[Site "Batumi"]
[Date "2023.06.10"]
[Round "5"]
[White "Elmirzaev, Khondamir"]
[Black "Kiladze, Luka"]
[Result "1-0"]
[WhiteElo "1851"]
[BlackElo "1902"]
[PlyCount "53"]
[EventDate "2023.06.10"]
[EventType "swiss (blitz)"]
[EventRounds "11"]
[EventCountry "GEO"]
[SourceTitle "EXT 2024"]
[Source "ChessBase"]
[SourceDate "2023.10.10"]
[SourceVersion "1"]
[SourceVersionDate "2023.10.10"]
[SourceQuality "1"]
[WhiteTeam "Uzbekistan"]
[BlackTeam "Georgia"]
[WhiteTeamCountry "UZB"]
[BlackTeamCountry "GEO"]

1. d4 Nf6 2. c4 e6 3. Nf3 b6 4. g3 Bb7 5. Bg2 Be7 6. 0-0 0-0 7. Nc3 Ne4 8. Bd2 Nxc3 9. Bxc3 f5 10. d5 Bf6 11. Nd4 Qe8 12. dxe6 dxe6 13. Bxb7 Nd7 14. Bxa8 Qxa8 15. Nxe6 Rf7 16. Nxc7 Qc6 17. Nd5 Bxc3 18. Nxc3 Qxc4 19. Qb3 Qc7 20. Nd5 Qe5 21. Nf4 Nc5 22. Qc3 Qe8 23. Rad1 Re7 24. b4 Ne4 25. Qd4 g5 26. Nd5 Rd7 27. f3 1-0

[Event "Wch U14 blitz"]
[Site "Batumi"]
[Date "2023.06.10"]
[Round "4"]
[White "Giorgadze, Giorgi2222"]
[Black "Elmirzaev, Khondamir"]
[Result "0-1"]
[WhiteElo "1913"]
[BlackElo "1851"]
[PlyCount "136"]
[EventDate "2023.06.10"]
[EventType "swiss (blitz)"]
[EventRounds "11"]
[EventCountry "GEO"]
[SourceTitle "EXT 2024"]
[Source "ChessBase"]
[SourceDate "2023.10.10"]
[SourceVersion "1"]
[SourceVersionDate "2023.10.10"]
[SourceQuality "1"]
[WhiteTeam "Georgia"]
[BlackTeam "Uzbekistan"]
[WhiteTeamCountry "GEO"]
[BlackTeamCountry "UZB"]

1. e4 c5 2. Nf3 d6 3. d4 cxd4 4. Nxd4 Nf6 5. f3 e5 6. Nb3 d5 7. Bg5 Be6 8. Bxf6 gxf6 9. exd5 Qxd5 10. Qxd5 Bxd5 11. Nc3 Be6 12. 0-0-0 Nc6 13. Bb5 Rc8 14. Na5 Bh6+ 15. Kb1 Ke7 16. Bxc6 bxc6 17. Rhe1 Bg7 18. Ne4 h5 19. Nc5 h4 20. Re2 h3 21. g3 Bh6 22. Rde1 Rhd8 23. Nd3 c5 24. b3 Bd5 25. f4 e4 26. Nf2 f5 27. g4 Bg7 28. gxf5 Bc3 29. Rxe4+ Bxe4 30. Rxe4+ Kf8 31. Nc4 Rd7 32. a4 Rcd8 33. Ka2 Re7 34. Rxe7 Kxe7 35. Nxh3 Rh8 36. Ng5 Rxh2 37. Na3 Rh1 38. Nb1 Bd4 39. Ne4 Rf1 40. c3 Be3 41. b4 cxb4 42. cxb4 Rxf4 43. Nec3 Rxf5 44. Kb3 Bd4 45. Nb5 Bb6 46. N1c3 a6 47. Na3 Bd4 48. b5 Bxc3 49. Kxc3 Rf3+ 50. Kb2 axb5 51. Nxb5 Kd7 52. Nc3 Kc6 53. Kc2 Kc5 54. a5 Kc4 55. Ne2 Ra3 56. Kd2 Rxa5 57. Ke3 Re5+ 58. Kf3 Rxe2 59. Kxe2 Kd4 60. Kf3 Ke5 61. Kg4 f6 62. Kf3 Kf5 63. Kg3 Ke4 64. Kf2 Kf4 65. Kg2 Ke3 66. Kg1 f5 67. Kf1 Kf3 68. Kg1 Ke2 0-1

[Event "Wch U14 rapid"]
[Site "Batumi"]
[Date "2023.06.08"]
[Round "10"]
[White "Elmirzaev, Khondamir"]
[Black "Tabatadze, Erekle"]
[Result "0-1"]
[WhiteElo "1704"]
[BlackElo "1685"]
[PlyCount "58"]
[EventDate "2023.06.06"]
[EventType "swiss (rapid)"]
[EventRounds "11"]
[EventCountry "GEO"]
[SourceTitle "EXT 2024"]
[Source "ChessBase"]
[SourceDate "2023.10.10"]
[SourceVersion "1"]
[SourceVersionDate "2023.10.10"]
[SourceQuality "1"]
[WhiteTeam "Uzbekistan"]
[BlackTeam "Georgia"]
[WhiteTeamCountry "UZB"]
[BlackTeamCountry "GEO"]

1. d4 Nf6 2. c4 e6 3. Nf3 b6 4. g3 Bb7 5. Bg2 d5 6. 0-0 dxc4 7. Qa4+ Nbd7 8. Qxc4 Be7 9. Nc3 0-0 10. b4 c5 11. bxc5 bxc5 12. dxc5 Bxc5 13. Bf4 Rc8 14. Qb3 Nb6 15. Rfd1 Qe7 16. Be5 Bxf2+ 17. Kxf2 Ng4+ 18. Kg1 Nxe5 19. Nxe5 Qc5+ 20. Kh1 Bxg2+ 21. Kxg2 Qxe5 22. Rd3 Nd5 23. Rc1 Rxc3 24. Rdxc3 Qxe2+ 25. Kg1 Nxc3 26. Qxc3 Qxa2 27. h4 Qd5 28. Ra1 Rd8 29. Rxa7 Qd1+ 0-1

[Event "Wch U14 rapid"]
[Site "Batumi"]
[Date "2023.06.08"]
[Round "11"]
[White "Giorgadze, Giorgi2222"]
[Black "Elmirzaev, Khondamir"]
[Result "1-0"]
[WhiteElo "1770"]
[BlackElo "1704"]
[PlyCount "99"]
[EventDate "2023.06.06"]
[EventType "swiss (rapid)"]
[EventRounds "11"]
[EventCountry "GEO"]
[SourceTitle "EXT 2024"]
[Source "ChessBase"]
[SourceDate "2023.10.10"]
[SourceVersion "1"]
[SourceVersionDate "2023.10.10"]
[SourceQuality "1"]
[WhiteTeam "Georgia"]
[BlackTeam "Uzbekistan"]
[WhiteTeamCountry "GEO"]
[BlackTeamCountry "UZB"]

1. e4 c5 2. Nf3 d6 3. d4 cxd4 4. Nxd4 Nf6 5. f3 e5 6. Nb3 Nc6 7. c4 Be7 8. Nc3 0-0 9. Be3 Be6 10. Be2 Nd7 11. 0-0 Re8 12. Qd2 Bf8 13. Rfd1 Nb6 14. Nd5 Na4 15. Rac1 Kh8 16. f4 f5 17. Bd3 fxe4 18. Bxe4 exf4 19. Bxf4 Bxd5 20. Bxd5 Qf6 21. Rb1 Nb6 22. Rf1 Ne5 23. Na5 Nxd5 24. Qxd5 b6 25. Nb3 Rac8 26. Nd2 Ng6 27. Bg3 Qe6 28. Qxe6 Rxe6 29. b3 Kg8 30. Nf3 Be7 31. Rbd1 Rf8 32. Rfe1 Rxe1+ 33. Rxe1 Rd8 34. Rd1 Kf7 35. Nd4 Rd7 36. Nf5 Kf6 37. Nxd6 Bxd6 38. Rxd6+ Rxd6 39. Bxd6 Ke6 40. Bb8 a6 41. Ba7 b5 42. cxb5 axb5 43. Bd4 Kf7 44. a4 Nf4 45. Kf2 Nd3+ 46. Ke3 Nc1 47. a5 Nxb3 48. a6 Na5 49. a7 Nc4+ 50. Ke4 1-0

[Event "Wch U14 rapid"]
[Site "Batumi"]
[Date "2023.06.07"]
[Round "5"]
[White "Tregubenko, Nikolay"]
[Black "Elmirzaev, Khondamir"]
[Result "0-1"]
[WhiteElo "1950"]
[BlackElo "1704"]
[PlyCount "74"]
[EventDate "2023.06.06"]
[EventType "swiss (rapid)"]
[EventRounds "11"]
[EventCountry "GEO"]
[SourceTitle "EXT 2024"]
[Source "ChessBase"]
[SourceDate "2023.10.10"]
[SourceVersion "1"]
[SourceVersionDate "2023.10.10"]
[SourceQuality "1"]
[WhiteTeam "FIDE"]
[BlackTeam "Uzbekistan"]
[BlackTeamCountry "UZB"]

1. e4 c5 2. Nf3 d6 3. d4 cxd4 4. Nxd4 Nf6 5. Nc3 a6 6. f4 e6 7. Qf3 Be7 8. Be3 Qc7 9. g4 h6 10. Bg2 Nbd7 11. 0-0-0 Nc5 12. h4 b5 13. g5 Nfd7 14. g6 f6 15. b4 Nb7 16. Nxe6 Qxc3 17. Nxg7+ Kf8 18. Nf5 Qa3+ 19. Kd2 Qxb4+ 20. Ke2 Qc4+ 21. Kf2 Rg8 22. Qh5 Ndc5 23. Qxh6+ Ke8 24. Qh7 Bxf5 25. exf5 Kd7 26. Bd5 Qxc2+ 27. Rd2 Ne4+ 28. Kg1 Nxd2 29. Be6+ Kc6 30. Qxe7 Qd1+ 31. Kh2 Qe2+ 32. Kh3 Qxe3+ 33. Kg2 Qf3+ 34. Kh2 Qxf4+ 35. Kg2 Qg4+ 36. Kf2 Qf3+ 37. Kg1 Qg3# 0-1